| 000 | 00561aam a2200205 4500 | ||
|---|---|---|---|
| 005 | 20230928191100.0 | ||
| 008 | 150407b2001 xxu||||| |||| 00| 0 spa d | ||
| 020 | _a9582001658 | ||
| 041 | _aESP | ||
| 082 | _a303.372 S939f2 | ||
| 100 |
_aSuárez Higuera, Mariela _931966 |
||
| 245 | _aFamilia y valores: modulo 2: escuela de padres, un proyecto común | ||
| 260 |
_aColombia _bMagisterio _c2001 |
||
| 300 | _a147 páginas | ||
| 650 | _aFAMILIA | ||
| 650 | _aPAREJA | ||
| 650 | _aMATRIMONIO | ||
| 650 | _aPROYECTO DE VIDA | ||
| 942 |
_cBK _2ddc |
||
| 999 |
_c4231 _d4231 |
||